| 000 | 005610000a22001810004500 | ||
|---|---|---|---|
| 003 | MACL | ||
| 005 | 20160527125213.0 | ||
| 008 | 160527b xxu||||| |||| 00| 0 eng d | ||
| 040 |
_aMACL _cMACL |
||
| 041 | _aHindi | ||
| 082 | _a891.433 GUP | ||
| 100 |
_aगुप्त, याेगेश _957259 |
||
| 245 |
_aमेरे मस्त़ल _cयोगेश गुप्त |
||
| 260 |
_bसुमन प्रकाशन _c1992 _aनई दिल्ली |
||
| 350 | _a195 | ||
| 650 |
_aNovel _960112 |
||
| 942 |
_cHIN _k891.433/GUP/N _2ddc |
||
| 999 |
_c20451 _d20451 |
||